000 00319nam a2200121Ia 4500
008 191201s2016 xx 000 0 und d
100 _aJOHAR, K.L.
245 0 _aAjit Singh Rediscovered-an Exiled Revolutionary
260 _aN. delhi
_bSneh Prakashan
_c2016
300 _a384
650 _aGeneral Books
942 _2ddc
_cBK
999 _c6682
_d6682